Ελληνική και διεθνής ναυτιλία : αλλαγές στο διεθνή καταμερισμό εργασίας στη ναυτιλία η θέση του ελληνικού εμπορικού στόλου
Saved in:
| Main Author: | |
|---|---|
| Format: | Book |
| Language: | Greek |
| Published: |
Αθήνα :
Παπαζήσης,
1994
|
| Subjects: | |
| Tags: |
Add Tag
No Tags, Be the first to tag this record!
|
MARC
| LEADER | 00000cam a2200000 i 4500 | ||
|---|---|---|---|
| 001 | 1/48839 | ||
| 008 | 980128s1994 gre d | ||
| 020 | |a 9600210608 | ||
| 035 | |l 10026737 | ||
| 040 | |a GR-MY-UA |b gre |e aacr | ||
| 041 | 0 | |a gre | |
| 082 | 0 | |a 387.509495 | |
| 100 | 1 | |a Θανοπούλου, Ελένη Α. | |
| 245 | 1 | 0 | |a Ελληνική και διεθνής ναυτιλία : |b αλλαγές στο διεθνή καταμερισμό εργασίας στη ναυτιλία η θέση του ελληνικού εμπορικού στόλου / |c Ελένη Α. Θανοπούλου |
| 260 | |a Αθήνα : |b Παπαζήσης, |c 1994 | ||
| 300 | |a 364 σ. | ||
| 504 | |a Περίχει βιβλιογραφία | ||
| 650 | 0 | 0 | |a Shipping. |
| 650 | 0 | 0 | |a Shipping |z Greece. |
| 650 | 0 | 0 | |a Merchant marine |z Greece. |
| 852 | |a INST |b CHIOS |e 20000725 |h 387.509495 ΘΑΝ |p 005200018008 |q 005200018008 |t BK |y 0 | ||
| 852 | |a INST |b CHIOS |e 20010126 |h 387.509495 ΘΑΝ |p 005200021478 |q 005200021478 |t BK |y 0 | ||
| 852 | |a INST |b CHIOS |e 20061122 |h 387.509495 ΘΑΝ |p 005200023384 |q 005200023384 |t BK |y 0 | ||
| 852 | |a INST |b CHIOS |e 20061122 |h 387.509495 ΘΑΝ |p 005200023385 |q 005200023385 |t BK |y 0 | ||
| 852 | |a INST |b CHIOS |e 19980128 |h 387.509495 ΘΑΝ |p 005200029531 |q 005200029531 |t BK |y 0 | ||
| 901 | |a BIBL2-1998-1 | ||
| 901 | |a BIBL2-2000-2 | ||
| 901 | |a BIBL2-2006-3 | ||
| 901 | |a BIBL2-2006-3 | ||
| 909 | |a Χ |b 052840 | ||
| 909 | |a Χ |b 075788 | ||
| 909 | |a Χ |b 083113 | ||
| 909 | |a Χ |b 120689 | ||
| 909 | |a Χ |b 120690 | ||
| 920 | |a ΤΜΗΜΑ ΝΑΥΤΙΛΙΑΣ ΚΑΙ ΕΠΙΧΕΙΡΗΜΑΤΙΚΩΝ ΥΠΗΡΕΣΙΩΝ |y ΧΙΟΣ |z 2000-03 | ||
| 922 | |a 2ΕΛΗ |b 199712 |c ΞΥΔΕΑΣ |d EMVASIS | ||
| 970 | |z 2000/09/ELIDOC | ||